000 00630nam a2200241Ia 4500
003 OSt
005 20220918204927.0
006 a|||||r|||| 00| 0
007 ta
008 220917b |||||||| |||| 00| 0 eng d
024 _a114,768
037 _cTextual
040 _aARTS
_cARTS
_beng
041 _2eng
_aeng
082 _aV595:21wM67, G1
100 _aGillie D R
_9113638
245 0 _aMemories of a Polish revolutionary and soldier
260 _c1931
650 _aHISTORY
700 _a Plisudski
_9113639
942 _hV595:21wM67, G1
_cTEXL
_2CC
999 _c238098
_d238098